| 000 | 00331nam a2200097Ia 4500 | ||
|---|---|---|---|
| 082 | _a070.44 YOUN | ||
| 245 | 0 | _aEvery meal a banquet, every night a honeymoon : unforgettable African experiences | |
| 100 |
_a YOUNGHUSBAND, Peter L. Johannesburg, 2003 _996553 |
||
| 942 | _cBK | ||
| 008 | 210817s9999 xx 000 0 und d | ||
| 999 |
_c406158 _d406157 |
||